[Event "POL-ch Blitz U18 Girls"]
[Site "Bydgoszcz"]
[Date "2023.08.31"]
[Round "3"]
[White "Tokarz, Izabela"]
[Black "Niedorys, Karolina"]
[Result "1-0"]
[WhiteElo "1828"]
[BlackElo "1358"]
[PlyCount "43"]
[EventDate "2023.08.28"]
[EventType "swiss"]
[EventRounds "9"]
[EventCountry "POL"]
[SourceTitle "EXT 2024"]
[Source "ChessBase"]
[SourceDate "2023.10.10"]
[SourceVersion "1"]
[SourceVersionDate "2023.10.10"]
[SourceQuality "1"]

1. d4 Nf6 2. c4 g6 3. Nc3 Bg7 4. e4 d6 5. Be2 0-0 6. Be3 Nbd7 7. g4 e5 8. d5 Nb6 9. h4 c6 10. h5 cxd5 11. cxd5 Bd7 12. g5 Ne8 13. Rc1 Rc8 14. b3 f5 15. hxg6 hxg6 16. exf5 Bxf5 17. Bg4 e4 18. Bxf5 Bxc3+ 19. Rxc3 Rxc3 20. Be6+ Kg7 21. Bd4+ Nf6 22. Bxc3 1-0

[Event "POL-ch U16 Girls"]
[Site "Sypniewo"]
[Date "2022.03.20"]
[Round "2"]
[White "Starosta, Martyna"]
[Black "Niedorys, Karolina"]
[Result "1-0"]
[WhiteElo "1894"]
[BlackElo "1583"]
[PlyCount "61"]
[EventDate "2022.03.19"]
[EventType "swiss"]
[EventRounds "9"]
[EventCountry "POL"]
[SourceTitle "CBM 207 Extra"]
[Source "ChessBase"]
[SourceDate "2022.05.31"]
[SourceVersion "1"]
[SourceVersionDate "2022.05.31"]
[SourceQuality "1"]

1. e4 c5 2. Nf3 d6 3. d4 cxd4 4. Nxd4 Nf6 5. Nc3 g6 6. Be3 Bg7 7. f3 0-0 8. Qd2 Nc6 9. g4 Nxd4 10. Bxd4 Be6 11. h4 Qa5 12. h5 Rfc8 13. Be2 Qb4 14. 0-0-0 Qa5 15. a3 a6 16. h6 Bh8 17. g5 Ne8 18. f4 b5 19. Bxh8 Kxh8 20. Rdf1 Rc5 21. Qd4+ Kg8 22. f5 gxf5 23. exf5 Bd7 24. g6 f6 25. Bf3 Rac8 26. Bd5+ Kh8 27. g7+ Nxg7 28. hxg7+ Kxg7 29. Qg4+ Kh8 30. Rxh7+ Kxh7 31. Rh1# 1-0